000 01329nam a22003375i 4500
999 _c27684
_d27655
003 EG-ScBUE
005 20191016121734.0
008 191016s2007 ua a f b 000 0 ara d
017 _a2007 / 8319
020 _a9774031466
040 _aEG-ScBUE
_bara
_erda
_cEG-ScBUE
_dEG-ScBUE
043 _aa------
082 0 4 _a303.372095
_bق ي م
_222
245 0 2 _aالقيم الآسيوية /
_cتحرير هدى ميتكيس.
246 3 4 _aAsian values
264 1 _aالجيزة، مصر :
_bمركز الدراسات الآسيوية، كلية الاقتصاد والعلوم السياسية، جامعة القاهرة،
_c2007.
300 _a375 صفحة :
_bإيضاحيات ؛
_c24 سم
336 _aنص
_2rdacontent
_btxt
337 _aبدون وسيط
_bn
_2rdamedia
338 _aمجلد
_bnc
_2rdacarrier
504 _aيشتمل على إرجاعات ببليوجرافية.
541 _aDr. Gamal Selim ;
_cDonation ;
650 7 _aالقيم
_zآسيا
_2BUEsh
650 7 _aالقيم
_xجوانب سياسية
_zآسيا
_2BUEsh
650 7 _aالقيم
_xجوانب اقتصادية
_zآسيا
_2BUEsh
650 7 _aالتنمية الاقتصادية
_zآسيا.
_2BUEsh
651 _2BUEsh
653 _bMASPPSS
_bBUSBOL
_cOctober2019
700 1 _aميتكيس، هدى،
_eمحرر.
942 _2ddc